Sebenarnya...
Saved in:
| Format: | Book |
|---|---|
| Language: | English |
| Tags: |
Add Tag
No Tags, Be the first to tag this record!
|
| Call Number : |
MARC
| LEADER | 00000nam a2200000 a 4500 | ||
|---|---|---|---|
| 001 | 100929 | ||
| 003 | MY-KLNDU | ||
| 005 | 20241220035611.0 | ||
| 008 | 161221 000 0 eng d | ||
| 020 | |a 9789673693412 | ||
| 039 | 9 | |y 201612211646 |z hasniza | |
| 245 | 1 | |a Sebenarnya... | |
| 999 | |a vtls000058244 |c 100929 |d 100929 | ||


